El pago de las deudas hereditarias (Registro nro. 159815)
[ vista simple ]
| 000 -LEADER | |
|---|---|
| fixed length control field | 01218ny a22003133n 4500 |
| 006 - FIXED-LENGTH DATA ELEMENTS--ADDITIONAL MATERIAL CHARACTERISTICS--GENERAL INFORMATION | |
| fixed length control field | m u |
| 007 - PHYSICAL DESCRIPTION FIXED FIELD--GENERAL INFORMATION | |
| fixed length control field | cr cn||||||||| |
| 008 - FIXED-LENGTH DATA ELEMENTS--GENERAL INFORMATION | |
| fixed length control field | 200508r2004 sp |||||s|||||||||||spa d |
| 020 ## - INTERNATIONAL STANDARD BOOK NUMBER | |
| International Standard Book Number | 9788497723817 |
| 035 ## - | |
| -- | 595 |
| 040 ## - CATALOGING SOURCE | |
| Original cataloging agency | FlNmELB |
| Transcribing agency | FlNmELB |
| Modifying agency | vlex |
| 050 14 - | |
| -- | KKT780 |
| -- | M664 2004eb |
| 080 ## - | |
| -- | 347.664(460) |
| 090 ## - | |
| -- | 1335 |
| -- | 1335 |
| 100 1# - MAIN ENTRY--PERSONAL NAME | |
| Personal name | Mingorance Gosalvez, Carmen |
| 245 13 - TITLE STATEMENT | |
| Title | El pago de las deudas hereditarias |
| Medium | [Recurso electrónico] |
| Statement of responsibility, etc | Carmen Mingorance Gosalvez |
| 256 ## - | |
| -- | Servicio en línea |
| 260 ## - PUBLICATION, DISTRIBUTION, ETC. (IMPRINT) | |
| Place of publication, distribution, etc | Madrid : |
| Name of publisher, distributor, etc | Dykinson, |
| Date of publication, distribution, etc | 2004 |
| 300 ## - PHYSICAL DESCRIPTION | |
| Extent | 250 p. ; |
| Dimensions | 24 cm |
| 504 ## - BIBLIOGRAPHY, ETC. NOTE | |
| Bibliography, etc | Bibliografía: p. [241]-250 |
| 506 1# - RESTRICTIONS ON ACCESS NOTE | |
| Terms governing access | Contenido solo disponible en los productos indicados |
| Authorized users | vLex Global |
| -- | vLex Global (Academic Edition, excluding Law Schools) |
| -- | vLex Global (U.S. Academic Edition, Law Schools) |
| -- | vLex Global (U.S. Academic Edition, excluding Law Schools) |
| -- | vLex Global (Academic Edition, Law Schools) |
| 650 07 - SUBJECT ADDED ENTRY--TOPICAL TERM | |
| Topical term or geographic name as entry element | Sucesorio |
| Source of heading or term | Tesauro vLex |
| 650 07 - SUBJECT ADDED ENTRY--TOPICAL TERM | |
| Topical term or geographic name as entry element | Herencia |
| Source of heading or term | Tesauro vLex |
| 650 07 - SUBJECT ADDED ENTRY--TOPICAL TERM | |
| Topical term or geographic name as entry element | Derecho sucesorio |
| Source of heading or term | Tesauro vLex |
| 740 0# - | |
| -- | vLex Libros (Servicios en línea) |
| 856 40 - LOCALIZACIÓN Y ACCESO ELECTRÓNICO | |
| Identificador Uniforme del Recurso (URI/URL) | https://app.vlex.com/#/sources/595 |
| 942 ## - | |
| -- | RAA |
| 999 ## - | |
| -- | 159815 |
| -- | 159815 |
No hay ítems disponibles.